Nebraska, U.S. Cities (Map) - Statistics

General Stats
  • This quiz has been taken 184 times
    135 since last reset
  • The average score is 52 of 175
Answers on the Map
Answers color-coded by a green-red scale on the quiz's map according to % correct below.
 
Answer Stats
City % Correct
Lincoln
96%
Omaha
94%
Grand Island
71%
Kearney
71%
North Platte
70%
Bellevue
67%
Scottsbluff
65%
Hastings
62%
Nebraska City
59%
Norfolk
59%
Fremont
58%
Valentine
54%
Papillion
52%
York
45%
Alliance
43%
Beatrice
43%
Columbus
43%
Blair
42%
Ogallala
42%
Bennington
41%
La Vista
41%
Lexington
41%
Ralston
41%
South Sioux City
41%
Waverly
41%
Chadron
39%
Seward
39%
Gering
38%
McCook
38%
Wahoo
38%
Cozad
36%
Valley
36%
Ashland
35%
Broken Bow
35%
Plattsmouth
35%
Auburn
33%
Gothenburg
33%
Gretna
33%
Sidney
33%
Springfield
33%
David City
32%
Louisville
32%
Ainsworth
30%
Falls City
30%
Holdrege
30%
Minden
30%
Albion
29%
Crete
29%
Fort Calhoun
29%
O'Neill
29%
Aurora
28%
Fairbury
28%
Imperial
28%
Ord
28%
Wayne
28%
Central City
26%
Grant
26%
Wood River
26%
Hebron
25%
Schuyler
25%
Yutan
25%
Bridgeport
23%
Fullerton
23%
Geneva
23%
North Bend
23%
St. Paul
23%
Dakota City
22%
Hickman
22%
Kimball
22%
Madison
22%
Pierce
22%
Alma
20%
Hartington
20%
Pawnee City
20%
Red Cloud
20%
Tecumseh
20%
West Point
20%
Crawford
19%
Gibbon
19%
Nelson
19%
Stromsburg
19%
Sutton
19%
Burwell
17%
Cambridge
17%
Clay Center
17%
Harvard
17%
Mitchell
17%
Osceola
17%
Oshkosh
17%
Ravenna
17%
Stanton
17%
Superior
17%
Terrytown
17%
Wakefield
17%
Arapahoe
16%
Atkinson
16%
Chappell
16%
Creighton
16%
Indianola
16%
Loup City
16%
Milford
16%
Plainview
16%
Randolph
16%
Scribner
16%
Wisner
16%
Bassett
14%
Bayard
14%
Clarkson
14%
Genoa
14%
Gordon
14%
Henderson
14%
Humphrey
14%
Lyons
14%
Neligh
14%
Oakland
14%
Ponca
14%
Tekamah
14%
Wymore
14%
Battle Creek
13%
Deshler
13%
Elgin
13%
Fairfield
13%
Franklin
13%
Friend
13%
Hooper
13%
Osmond
13%
Rushville
13%
Syracuse
13%
Weeping Water
13%
Bloomfield
12%
Blue Hill
12%
Crofton
12%
Minatare
12%
Newman Grove
12%
Wilber
12%
Benkelman
10%
Curtis
10%
Humboldt
10%
Long Pine
10%
Tilden
10%
Blue Springs
9%
Cedar Rapids
9%
Edgar
9%
Sargent
9%
St. Edward
9%
Beaver City
7%
Laurel
7%
Peru
7%
Hay Springs
4%
No matching quizzes found
Score Distribution
Percent of People with Each Score
Percentile by Number Answered
Your Score History
You have not taken this quiz since the last reset